000 00955nam a2200265 i 4500
005 20260406120848.0
008 260325s2025 my gr 000 jbmay d
020 _a9789672275152
_cRM42.00
_qpaperback
040 _aPPAK
_beng
_cPPAK
_erda
041 0 _amay
_hind
082 0 4 _223
_a899.221301
090 0 0 _a899.221301
_bABI
_dG
100 0 _aAbinaya Ghina Jamela,
_d2009-
_eauthor.
245 1 0 _aMENGAPA AKU HARUS MEMBACA? /
_ckarya Abinaya Ghina Jamela ; terjemahan oleh Sayidah Mu'izzah ; Editor: Sayidah Mu'izzah ; Ilustrasi: Annisa Wijaya
264 1 _aKajang, Selangor :
_bLEGASI OAKHEART,
_c2025
300 _a100 pages ;
_c18 cm
336 _atext
_2rdacontent
337 _aunmediated
_2rdamedia
338 _avolume
_2rdacarrier
650 1 0 _aShort stories, Indonesian
650 2 0 _aIndonesian fiction
700 0 _aSayidah Mu'izzah,
_etranslator
_eeditor.
700 0 _aAnnisa Wijaya,
_eillustrator.
942 _2ddc
_cB
999 _c203493
_d203493